01068cam a22002291 4500001001300000003000400013005001700017008004100034010001700075035001900092040004300111042001200154050001600166100004900182245029500231260003500526300002100561500016400582504003100746600004600777999001500823af 48002581 DLC20260227110856.0810630s1944 fr b 000 0bfre c aaf 48002581  a(OCoLC)7540214 aCalifornia. Univ. Libr.cNNUdCLUdDLC apremarc00aG256.M6bL61 aJore, Léonce Alphonse Noël Henri,d1882-13aUn belge au service de la France dans l'Océan Pacifique;bnotice historique et biographique concernant J. A. Moerenhout, consul général des Etats-Unis aux Iles Océaniennes de 1835 à 1837, consul de France à Tahiti de 1839 1̀844, auteur des Voyages aux îles du Grand Océan. aParis,bA. Maisonneuvec[1944] a183 p. ;c21 cm. a"Publié comme introduction à l'édition phototypique [des Voyages aux îles du Grand Océan] de M.DCCCC.XLII par la Librairie d'Amérique et d'Orient." aBibliographical footnotes.10aMoerenhout, Jacques Antoine,d1796?-1879. c5098d5098